000 00674nam a2200253Ia 4500
003 OSt
005 20221007101130.0
006 a|||||r|||| 00| 0
007 ta
008 221006b |||||||| |||| 00| 0 eng d
024 _a5,890
037 _cTextual
040 _aLCO
_cLCO
_beng
041 _2eng
_aeng
082 _aZ,5:(Y), L1
100 _aGoldstein Abraham S.
_9317158
245 0 _aCrime, Law and Society
260 _aLondon
_bThe Free Press U.K.
_c1971
300 _a452
650 _aCRIME
700 _a Goldstein Joseph
_9317159
942 _hZ,5:(Y), L1
_cTEXL
999 _c1175453
_d1175453